Bánh răng khởi nghiệp: đường đến thành công : Gear up: test your business model potential and plan your path to success
Nội dung sách giúp các bạn vượt lên trên các đối thủ cũng như đem lại hiểu biết về thị trường các thức thâu tóm khách hàng.
Đã lưu trong:
| 主要作者: | |
|---|---|
| 格式: | 圖書 |
| 語言: | Undetermined |
| 出版: |
Thành phố Hồ Chí Minh
Tổng hợp Thành phố Hồ Chí Minh
2016
|
| 主題: | |
| 標簽: |
添加標簽
沒有標簽, 成為第一個標記此記錄!
|
| Thư viện lưu trữ: | Trung tâm Học liệu Trường Đại học Cần Thơ |
|---|
| LEADER | 00908nam a2200205Ia 4500 | ||
|---|---|---|---|
| 001 | CTU_232751 | ||
| 008 | 210402s9999 xx 000 0 und d | ||
| 082 | |a 658.11 | ||
| 082 | |b R172 | ||
| 100 | |a Ramfelt, Lena | ||
| 245 | 0 | |a Bánh răng khởi nghiệp: đường đến thành công : | |
| 245 | 0 | |b Gear up: test your business model potential and plan your path to success | |
| 245 | 0 | |c Lena Ramfelt,Jonas Kjellberg, Tom Kosnik | |
| 260 | |a Thành phố Hồ Chí Minh | ||
| 260 | |b Tổng hợp Thành phố Hồ Chí Minh | ||
| 260 | |c 2016 | ||
| 520 | |a Nội dung sách giúp các bạn vượt lên trên các đối thủ cũng như đem lại hiểu biết về thị trường các thức thâu tóm khách hàng. | ||
| 650 | |a Business,Kinh doanh | ||
| 910 | |a Tuyến | ||
| 980 | |a Trung tâm Học liệu Trường Đại học Cần Thơ | ||